Introduction to political theory

Αποθηκεύτηκε σε:
Λεπτομέρειες βιβλιογραφικής εγγραφής
Κύριος συγγραφέας: Hoffman, John 1944-
Άλλοι συγγραφείς: Graham, Paul
Μορφή: Βιβλίο
Γλώσσα:English
Δημοσίευση: Harlow : Pearson Longman, 2006
Θέματα:
Ετικέτες: Προσθήκη ετικέτας
Δεν υπάρχουν, Καταχωρήστε ετικέτα πρώτοι!

MARC

LEADER 00000nam a2200000 i 4500
001 1/74147
008 080211s2006 eng d
020 |a 978-0-582-47373-7 
020 |a 0-582-47373-X 
035 |l 10094568 
040 |a GR-MY-UA  |b gre  |e aacr 
041 0 |a eng 
082 0 |a 320.01  |2 (22) 
100 1 |a Hoffman, John  |d 1944- 
245 1 0 |a Introduction to political theory /  |c John Hoffman, Paul Graham 
260 |a Harlow :   |b Pearson Longman,   |c 2006 
300 |a xxxvii, 560 σ.;  |b εικ.;  |c 25 εκ. 
504 |a Περιέχει βιβλιογραφικές παραπομπές και ευρετήριο 
650 0 0 |a Political science. 
700 1 |a Graham, Paul. 
852 |a INST  |b LESVOS  |e 20080211  |h 320.01 HOF  |p 005100040114  |q 005100040114  |t BK  |y 0 
901 |a BIBL1-2008-1 
909 |a Λ  |b 144919 
922 |a 1ΕΛΗ  |b 200801  |c ΕΠΕΑΕΚ2/ΤΠ  |d ΕΛΕΥΘΕΡΟΥΔΑΚΗΣ 
970 |a ΚΑΡΑ  |b ΓΙΑΣΕΜΗ  |z 2008/02/11